Modern social work practice (Record no. 227445)
[ view plain ]
| 000 -LEADER | |
|---|---|
| fixed length control field | 01472nam a22003614a 4500 |
| 082 04 - DEWEY DECIMAL CLASSIFICATION NUMBER | |
| Classification number | 361.3/2/0683 |
| 100 1# - MAIN ENTRY--AUTHOR NAME | |
| Personal name | Doel, Mark. |
| 245 10 - TITLE STATEMENT | |
| Title | Modern social work practice |
| 250 ## - EDITION STATEMENT | |
| Edition statement | 3rd ed. |
| 260 ## - PUBLICATION, DISTRIBUTION, ETC. (IMPRINT) | |
| Place of publication | Aldershot, Hampshire, England ; |
| -- | Burlington, Vt. : |
| Name of publisher | Ashgate, |
| Year of publication | c2005. |
| 300 ## - PHYSICAL DESCRIPTION | |
| Number of Pages | xxvi, 302 p. : |
| Other physical details | ill. |
| 650 #0 - SUBJECT ADDED ENTRY--TOPICAL TERM | |
| Topical Term | Social work education. |
| Topical Term | Social service |
| Topical Term | Social case work |
| Topical Term | Social workers |
| 700 1# - ADDED ENTRY--PERSONAL NAME | |
| Personal name | Shardlow, Steven, |
| 856 40 - ELECTRONIC LOCATION AND ACCESS | |
| Uniform Resource Identifier | http://site.ebrary.com/lib/rucke/Doc?id=10211056 |
No items available.
